[Event "TCh-AUT 2001-2"]
[Site "Dornbirn AUT"]
[Date "2002.03.08"]
[Round "9"]
[White "Teske,H"]
[Black "Ebner,H"]
[Result "1-0"]
[WhiteElo "2522"]
[BlackElo "2262"]

1.d4 Nf6 2.Bg5 Ne4 3.h4 d5 4.Nd2 Bf5 5.Nxe4 Bxe4 6.f3 h6 7.fxe4 hxg5 8.Qd3 e6
9.Nf3 Nc6 10.exd5 Qxd5 11.e4 Qa5+ 12.c3 O-O-O 13.Qb5 Be7 14.Qxa5 Nxa5 15.Ne5 Rxh4
16.Rxh4 gxh4 17.Nxf7 Rf8 18.Ne5 Bd6 19.Nf3 Bg3+ 20.Kd2 h3 21.Be2 h2 22.Rh1 Nc6
23.Kd3 Kd7 24.e5 Nd8 25.b4 Ke7 26.a4 Nf7 27.Nd2 Ng5 28.Nf1 Bf4 29.g3 Nh3
30.Rxh2 Ng1 31.gxf4  1-0

[Event "Open"]
[Site "Reykjavik ISL"]
[Date "2002.03.09"]
[Round "3"]
[White "Paasikangas,J"]
[Black "Jiretorn,E"]
[Result "1/2-1/2"]
[WhiteElo "2300"]
[BlackElo "2112"]

1.d4 Nf6 2.Bg5 Ne4 3.h4 d5 4.Nf3 Bf5 5.e3 h6 6.Bf4 e6 7.c3 Bd6 8.Ne5 Be7
9.h5 Nd7 10.Bd3 Nxe5 11.Bxe5 Bf6 12.Bh2 c6 13.Qe2 Qb6 14.O-O O-O 15.f3 Ng5
16.e4 Bh7 17.e5 Bxd3 18.Qxd3 Be7 19.Nd2 c5 20.Kh1 cxd4 21.cxd4 Rac8 22.f4 Ne4
23.Nxe4 dxe4 24.Qxe4 Qxb2 25.Rab1 Qxa2 26.Rxb7 Bd8 27.f5 exf5 28.Qxf5 Bb6
29.Rd7 Qe6 30.Qxe6 fxe6 31.Re1 Rf5 32.d5 exd5 33.e6 Re8 34.e7 d4 35.g4 Rf3
36.Bd6 d3 37.Rd1 Kf7 38.Bb4 Rf4 39.Ba3 Rf3 40.R1xd3 Rf2 41.Rb7 Ke6 42.Rd6+ Kf7
43.Rd8 Re2 44.Rd1 Rf2 45.Rbd7 Rf3 46.R7d3 Rf2 47.R1d2 Rxd2 48.Rxd2 Be3 49.Rd7 Bg5  1/2-1/2

[Event "Anibal Open"]
[Site "Linares ESP"]
[Date "2002.03.10"]
[Round "10"]
[White "Froehlich,P"]
[Black "Najer,E"]
[Result "1/2-1/2"]
[WhiteElo "2433"]
[BlackElo "2599"]

1.d4 Nf6 2.Bg5 Ne4 3.Bf4 c5 4.f3 Qa5+ 5.c3 Nf6 6.d5 Qb6 7.Bc1 e6 8.c4 exd5
9.cxd5 c4 10.e3 Qc5 11.Nc3 b5 12.e4 Bb7 13.b3 cxb3 14.Qxb3 a6 15.Bd2 Qa3
16.Rb1 Qxb3 17.Rxb3 Bc5 18.Bxb5 axb5 19.Rxb5 Bxg1 20.Rxb7 Bc5 21.e5 Ng8 22.Ke2 Ne7
23.Ne4 Ba3 24.Rhb1 O-O 25.R1b5 Ng6 26.f4 Rd8 27.g3 d6 28.Ba5 Re8 29.Bc7 Nd7
30.Nxd6 Bxd6 31.Bxd6 Rxa2+ 32.Kf3 Ngf8 33.Rc7 Rd2 34.Ke3 Rd1 35.Ke2 Rd4 36.Ke3 Rd1
37.Ke2 Rd4 38.Ke3 Rd1  1/2-1/2

[Event "Open"]
[Site "Reykjavik ISL"]
[Date "2002.03.13"]
[Round "7"]
[White "Thorfinnsson,Bj"]
[Black "Halldorsson,H"]
[Result "1-0"]
[WhiteElo "2279"]
[BlackElo "2149"]

1.d4 Nf6 2.Bg5 Ne4 3.Bh4 c5 4.f3 Qa5+ 5.c3 Nf6 6.d5 d6 7.e4 g6 8.Nd2 Bh6
9.Nc4 Qd8 10.g4 Bg7 11.Bg3 h6 12.h4 b5 13.Ne3 Qa5 14.a4 bxa4 15.Nc4 Qd8 16.Qxa4+ Kf8
17.Qb5 Ne8 18.Nh3 Nd7 19.Qc6 Nc7 20.Kf2 Kg8 21.Nxd6 Nb8 22.Nxf7 Nxc6 23.Nxd8 Ne5
24.Bxe5 Bxe5 25.Nc6 Bf6 26.Kg3 Bd7 27.f4 e6 28.Bc4 g5 29.hxg5 hxg5 30.fxg5 Bxc6
31.gxf6 exd5 32.exd5 Bxd5 33.Bxd5+ Nxd5 34.g5 Kf7 35.Nf4 Rxh1 36.Rxh1 Nxf6
37.gxf6 Kxf6 38.Rh6+ Kf5 39.Kf3 Ke5 40.Rc6  1-0

[Event "Spring Festival"]
[Site "Budapest HUN"]
[Date "2002.03.15"]
[Round "1"]
[White "Kessler,B"]
[Black "Horvath,An"]
[Result "0-1"]
[WhiteElo "2099"]
[BlackElo "2299"]

1.d4 Nf6 2.Bg5 Ne4 3.Bf4 d5 4.Nd2 Bf5 5.Ngf3 e6 6.e3 Bd6 7.Bd3 Bxf4 8.exf4 Qd6
9.Qe2 Nxd2 10.Nxd2 Bxd3 11.Qxd3 Qxf4 12.Qb5+ Nd7 13.Qxb7 O-O 14.Qb5 Nf6 15.Qd3 Rab8
16.Rb1 Ng4 17.Nf3 e5 18.O-O e4 19.Qd2 Qd6 20.h3 exf3 21.hxg4 fxg2 22.Kxg2 f5
23.f3 Rb6 24.Rh1 fxg4 25.fxg4 Qg6 26.Kg3 Rbf6 27.Rh3 Rf3+ 28.Kh4 h6 29.Rg1 R8f4
30.Rgg3 Rf2 31.Qd1 Qh5+  0-1

[Event "72nd ch-ARG"]
[Site "Pinamar ARG"]
[Date "2002.03.15"]
[Round "7"]
[White "Garcia Palermo,C"]
[Black "Campora,D"]
[Result "1/2-1/2"]
[WhiteElo "2467"]
[BlackElo "2542"]

1.d4 Nf6 2.Bg5 Ne4 3.Bf4 d5 4.e3 e6 5.Bd3 Bd6 6.Bg3 O-O 7.Nd2 f5 8.Ngf3 Nd7
9.c4 Qf6 10.Bxd6 Nxd6 11.cxd5 exd5 12.O-O c6 13.b4 g5 14.g3 Kh8 15.Qc2 a6
16.a4 Qg7 17.Rab1 Nf6 18.b5 cxb5 19.axb5 axb5 20.Bxb5 f4 21.Bd3 Bh3 22.Rfe1 Rac8
23.Qb3 fxe3 24.fxe3 Rc7 25.Ne5 Re7 26.Bf1 Bf5 27.Rbc1 Nf7 28.Nxf7+ Rexf7
29.Bg2 Rd7 30.Rf1 Bg6 31.Nf3 Be4 32.Ne5 Rd6 33.Bxe4 Nxe4 34.Nf7+ Qxf7 35.Rxf7 Rxf7
36.Qb5 Nf6 37.Rf1 Kg7 38.e4 Nxe4 39.Rxf7+ Kxf7 40.Qxb7+ Kg6 41.Qe7 h5 42.Qe8+ Kh6
43.Qg8 g4 44.h3 gxh3 45.Kh2 Rb6 46.Qf8+ Kg6 47.Kxh3 Nf6 48.Qa3 Re6 49.Qd3+ Re4
50.Qc2 Kf5 51.Qc8+ Kg5 52.Qc1+ Kf5  1/2-1/2

[Event "TCh-FIN 2001-02"]
[Site "FIN"]
[Date "2002.03.16"]
[Round "8"]
[White "Puranen,J"]
[Black "Lehtioksa,J"]
[Result "1-0"]
[WhiteElo "2313"]
[BlackElo "2173"]

1.d4 Nf6 2.Bg5 Ne4 3.Bf4 d5 4.f3 Nf6 5.Nc3 c5 6.e4 e6 7.Nb5 Na6 8.e5 Nd7
9.c4 cxd4 10.cxd5 Bb4+ 11.Bd2 O-O 12.dxe6 fxe6 13.a3 Bc5 14.b4 Bb6 15.f4 Nxe5
16.Qh5 Ng6 17.Nf3 Nxf4 18.Bxf4 Rxf4 19.Bd3 h6 20.Qg6 Rf5 21.O-O Nc7 22.Nxc7 Bxc7
23.Bxf5 exf5 24.Rfe1 Bd7 25.Rad1 Ba4 26.Rd2 Qf8 27.Kh1 Rd8 28.Rxd4 Bc6 29.Rxd8 Bxd8
30.Nd4 Bd7 31.Rf1 Qf6 32.Qxf6 Bxf6 33.Nxf5 Bb2 34.Ne7+ Kh7 35.Rf3 Bf6 36.Nd5 Bb2
37.Rb3 Bc1 38.Rc3 Bb2 39.Rb3 Bc1 40.Rg3 Bc6 41.Nc7 Bd7 42.Rd3 Ba4 43.Ne6 Bb2
44.Nc5 Be8 45.Nxb7  1-0

[Event "TCh-FIN 2001-02"]
[Site "FIN"]
[Date "2002.03.16"]
[Round "8"]
[White "Karttunen,M"]
[Black "Maki,V"]
[Result "1/2-1/2"]
[WhiteElo "2429"]
[BlackElo "2376"]

1.d4 Nf6 2.Bg5 Ne4 3.Bf4 c5 4.d5 Qb6 5.Nd2 Nxd2 6.Bxd2 Qxb2 7.e4 Qb6 8.Bc3 d6
9.f4 e5 10.dxe6 Bxe6 11.f5 Bd7 12.Bc4 Nc6 13.Nf3 O-O-O 14.Bxf7 d5 15.exd5 Bxf5
16.Nh4 Qc7 17.Qh5 g6 18.Bxg6 hxg6 19.Qxh8 Re8+ 20.Kd1 Bxc2+ 21.Kxc2 Nb4+
22.Bxb4 cxb4+ 23.Kd1 Qe7 24.Rc1+ Kb8 25.Rc2 Bg7 26.Nxg6 Qf7 27.Qxe8+ Qxe8
28.Nf4 Bc3 29.Ne2 Be5 30.Rf1 a5 31.Rf3 a4 32.Re3 Qh8 33.Rc4 Bd6 34.h4 Qa1+
35.Nc1 Qf6 36.Ke2 Ka7 37.g3 Qb2+ 38.Kf3 Qd2 39.Rd3 Qe1 40.Kg4 Qe7 41.Kf3 Qe1
42.Kg2 Qe5 43.Kf2 Qf5+ 44.Ke2 Qh3 45.Kd2 Qg2+ 46.Ne2 Qh1 47.Rc1 Qe4 48.Rd4 Qf3
49.Rd3 Qe4 50.Rd4  1/2-1/2

[Event "Spring Festival"]
[Site "Budapest HUN"]
[Date "2002.03.18"]
[Round "4"]
[White "Dombai,I"]
[Black "Berczes,D"]
[Result "0-1"]
[WhiteElo "2214"]
[BlackElo "2146"]

1.d4 Nf6 2.Bg5 Ne4 3.Bf4 c5 4.f3 Qa5+ 5.c3 Nf6 6.d5 Qb6 7.b3 e6 8.e4 exd5
9.exd5 Bd6 10.Bg5 O-O 11.Bxf6 Re8+ 12.Ne2 gxf6 13.Nd2 Qc7 14.g3  0-1

[Event "Norwegian Open"]
[Site "Oslo NOR"]
[Date "2002.03.24"]
[Round "3"]
[White "Froehlich,P"]
[Black "Pedersen,O"]
[Result "1-0"]
[WhiteElo "2433"]
[BlackElo "2054"]

1.d4 Nf6 2.Bg5 Ne4 3.Bf4 c5 4.f3 Qa5+ 5.c3 Nf6 6.d5 d6 7.e4 g6 8.Na3 Nbd7
9.Nh3 Bg7 10.Nf2 O-O 11.Be2 a6 12.Nc4 Qc7 13.a4 b6 14.O-O Rb8 15.Qd2 b5 16.axb5 axb5
17.Na5 Rb6 18.Nc6 Nb8 19.Ra7 Rb7 20.Rxb7 Qxb7 21.Na5 Qb6 22.Ra1 Bb7 23.Nxb7 Qxb7
24.Ra5 c4 25.b4 Na6 26.Qa2 Ra8 27.Nd1 Nc7 28.Kf1 Nd7 29.Be3 Ra6 30.Ke1 Nb6
31.Rxa6 Nxa6 32.Qa5 Nd7 33.f4 Nc7 34.Bg4 Nf6 35.Bf3 Nfe8 36.Bd2 Qa6 37.Qxa6 Nxa6
38.Ne3 Kf8 39.Ke2 e6 40.dxe6 fxe6 41.f5 Nac7 42.g4 gxf5 43.exf5 h6 44.fxe6 Nxe6
45.Nf5 Ng5 46.Bc6 Nf6 47.h4 Nge4 48.g5 hxg5 49.hxg5 d5 50.gxf6 Bxf6 51.Nd4 Ke7
52.Bxd5 Ng3+ 53.Kf3 Nf1 54.Bf4  1-0

[Event "Suetin Mem"]
[Site "Tula RUS"]
[Date "2002.03.26"]
[Round "4"]
[White "Shpagin,V"]
[Black "Abramov,A2"]
[Result "0-1"]
[WhiteElo "2028"]
[BlackElo "2146"]

1.d4 Nf6 2.Bg5 Ne4 3.Bh4 c5 4.f3 Nf6 5.Nc3 cxd4 6.Qxd4 Nc6 7.Qd2 a6 8.a4 e6
9.e4 Be7 10.Bc4 d6 11.Bg3 Nh5 12.Bf2 Qc7 13.Nge2 Bd7 14.g4 Nf6 15.Nd1 Ne5  0-1

[Event "Norwegian Open"]
[Site "Oslo NOR"]
[Date "2002.03.28"]
[Round "7"]
[White "Glenne,BE"]
[Black "Pedersen,O"]
[Result "1-0"]
[WhiteElo "2235"]
[BlackElo "2054"]

1.d4 Nf6 2.Bg5 Ne4 3.Bf4 c5 4.f3 Qa5+ 5.c3 Nf6 6.d5 d6 7.e4 g6 8.Qd2 Bg7
9.g4 b5 10.h4 h5 11.g5 Nfd7 12.Na3 Ba6 13.Nh3 b4 14.cxb4 Qxb4 15.O-O-O Bxf1
16.Rhxf1 a5 17.Nf2 Na6 18.Nd3 Qxd2+ 19.Rxd2 Nb4 20.b3 Bc3 21.Rdd1 Nxa2+ 22.Kb1 Nb4
23.Nb5 Nxd3 24.Rxd3 Be5 25.Nc7+ Kd8 26.Bxe5 Nxe5 27.Nxa8 Nxd3 28.Kc2 Ne5
29.Nb6 Kc7 30.f4 Ng4 31.Nc4 Ra8 32.Ra1 e6 33.Kc3 Nf2 34.Re1 Nxe4+ 35.Rxe4 exd5
36.Re7+ Kc6 37.Nb2 d4+ 38.Kc2 Rf8 39.Nc4 d5 40.Ne5+ Kd6 41.Ra7 c4 42.Ra6+ Ke7
43.bxc4 dxc4 44.Nxc4 a4 45.Kd3 Rb8 46.Rxa4 Rb3+ 47.Kxd4 Rh3 48.Ra7+ Kf8 49.Ne5 Rxh4
50.Rxf7+ Kg8 51.Rf6 Rh1 52.Rxg6+ Kh7 53.Ke4 h4 54.Kf5 h3 55.Kf6 Ra1 56.Rg7+ Kh8
57.Nf7+  1-0

[Event "ch-CAN"]
[Site "Richmond CAN"]
[Date "2002.03.30"]
[Round "10"]
[White "Neven,K"]
[Black "Reeve,J"]
[Result "1/2-1/2"]
[WhiteElo "2265"]
[BlackElo "2200"]

1.d4 Nf6 2.Bg5 Ne4 3.Bf4 d5 4.e3 e6 5.Bd3 b6 6.Nd2 Bb7 7.Ne2 Be7 8.Bxe4 dxe4
9.O-O O-O 10.c4 f5 11.Qc2 Nd7 12.Rad1 g5 13.Be5 Bd6 14.f4 exf3 15.Nxf3 g4
16.Bxd6 gxf3 17.Bxf8 Be4 18.Qd2 fxe2 19.Qxe2 Qxf8 20.Qf2 Kh8 21.a3 Nf6 22.Qf4 Qd6
23.Qxd6 cxd6 24.Rd2 Rc8 25.Rc1 Kg7 26.h3 Kf7 27.b4 Ke7 28.a4 Nd5 29.c5 Nxb4
30.cxd6+ Kd7 31.Rxc8 Kxc8 32.g4 fxg4 33.hxg4 Kd7 34.Rf2 Kxd6 35.Rf7 a5 36.Kf2 Nd3+
37.Kg3 Nb2 38.Kf4 Bg6 39.Rb7 Nxa4 40.e4 Kc6 41.Re7 Nc3 42.Rxe6+ Kc7 43.d5 Nxe4
44.Ke5 b5 45.Ra6 a4 46.d6+ Nxd6 47.Rxd6 b4 48.Rd4 b3 49.Rb4 Bc2 50.Kd4 a3
51.Kc3 Bd1 52.Rd4 Bc2 53.Ra4 a2 54.Kb2 Kd6 55.Ra5 Ke6 56.g5 Kf7 57.Ra6 Kg7  1/2-1/2

[Event "Redbus KO"]
[Site "Southend ENG"]
[Date "2002.03.30"]
[Round "2.2"]
[White "Ward,C"]
[Black "Wells,P"]
[Result "1-0"]
[WhiteElo "2486"]
[BlackElo "2517"]

1.d4 Nf6 2.Bg5 Ne4 3.Bf4 c5 4.f3 Qa5+ 5.c3 Nf6 6.d5 Qb6 7.b3 e6 8.e4 exd5
9.exd5 Bd6 10.Bg5 Be7 11.c4 O-O 12.Nh3 Re8 13.Be2 d6 14.g4 Qd8 15.O-O h5
16.Nc3 Nxg4 17.fxg4 Bxg5 18.Nxg5 Qxg5 19.Nb5 Qe7 20.Bd3 Qe3+ 21.Rf2 Bxg4
22.Qd2 Qe5 23.Raf1 Re7 24.Rf4 f5 25.Bxf5 a6 26.Re4 Qxe4 27.Bxe4 axb5 28.Bf5 Bxf5
29.Qg5 Re5 30.Rxf5 Nd7 31.Qxh5 Nf6 32.Qg5 Rxf5 33.Qxf5 bxc4 34.Qe6+ Kh7 35.bxc4 Rxa2
36.Qxd6 Ra4 37.Kg2 Ra2+ 38.Kf3 Rf2+ 39.Ke3 Ng4+ 40.Kd3 Rxh2 41.Qg3 Nf2+ 42.Kc2 Ng4+
43.Kb3  1-0

[Event "40th Doeberl Cup"]
[Site "Canberra AUS"]
[Date "2002.03.31"]
[Round "6"]
[White "Smirnov,Vl"]
[Black "Tindall,B"]
[Result "0-1"]
[WhiteElo "2231"]
[BlackElo "2259"]

1.d4 Nf6 2.Bg5 Ne4 3.Bh4 g5 4.Qd3 d5 5.f3 gxh4 6.fxe4 Nc6 7.c3 e6 8.Nf3 Bh6
9.Nbd2 Qe7 10.e5 Bd7 11.e4 O-O-O 12.b4 f6 13.exf6 Qxf6 14.e5 Qf4 15.O-O-O Be8
16.g3 Qe4 17.Kb2 Bxd2 18.Rxd2 hxg3 19.Qxe4 dxe4 20.Ng5 Nxe5 21.hxg3 Bg6 22.Nxe6 Rd6
23.Nf4 e3 24.Nxg6 Rxg6 25.Rdh2 Nf3 26.Rxh7 Rxh7 27.Rxh7 Rxg3 28.Kc2 Ng1 29.Rh2 Nf3
30.Rh3 Rxh3 31.Bxh3+ Kd8 32.Kd3 e2 33.Kxe2 Ng1+ 34.Ke3 Nxh3 35.a4 Kd7 36.Ke4 Kd6
37.c4 Ng5+ 38.Kf5 Ne6 39.Ke4 a5 40.c5+ Kd7 41.b5 c6 42.bxc6+ bxc6 43.Ke5 Nc7
44.Kf6 Nd5+ 45.Kf5 Nc3 46.Ke5 Nxa4 47.d5 Nxc5 48.dxc6+ Kxc6 49.Kd4 Kb5 50.Kc3 a4  0-1

[Event "6th Linklater Mem"]
[Site "San Francisco USA"]
[Date "2002.04.03"]
[Round "1"]
[White "Rey,G"]
[Black "Narayan,C"]
[Result "1/2-1/2"]
[WhiteElo "2358"]
[BlackElo "2266"]

1.d4 Nf6 2.Bg5 Ne4 3.Bf4 c5 4.f3 Nf6 5.d5 Qb6 6.Bc1 e6 7.e4 exd5 8.exd5 Bd6
9.Nc3 O-O 10.Bc4 Be5 11.Nge2 Re8 12.O-O d6 13.Bg5 Bf5 14.g4 Bg6 15.b3 h6
16.Bh4 Nbd7 17.Qd2 a6 18.a4 Bd4+ 19.Nxd4 cxd4 20.Nd1 Ne5 21.Bxf6 gxf6 22.Kg2 Kg7
23.Nb2 h5 24.h3 hxg4 25.hxg4 Rh8 26.Rad1 Rh4 27.Qxd4 Qxd4 28.Rxd4 Rah8 29.Rf2 Bxc2
30.Kf1 Rh1+ 31.Ke2 Rb1 32.Kd2 Bxb3 33.Bxb3 Rxb2+ 34.Bc2 Nxf3+ 35.Rxf3 Rh2+
36.Kd3 Rhxc2 37.Rdf4 Rd2+ 38.Kc3 Rdc2+ 39.Kd3 Rd2+ 40.Kc3  1/2-1/2

[Event "Golden Cleopatra"]
[Site "Cairo EGY"]
[Date "2002.04.08"]
[Round "2"]
[White "Atea,S"]
[Black "Shehata,Al"]
[Result "1-0"]
[WhiteElo "2309"]
[BlackElo "2152"]

1.d4 Nf6 2.Bg5 Ne4 3.Bf4 d6 4.f3 Nf6 5.e4 g6 6.Nc3 Bg7 7.Qd2 O-O 8.Bh6 c6
9.O-O-O Qc7 10.h4 e5 11.Nge2 b5 12.h5 a5 13.Bxg7 Kxg7 14.Ng3 Kh8 15.f4 Qe7
16.dxe5 dxe5 17.f5 gxf5 18.Nxf5 Bxf5 19.exf5 Ra7 20.Be2 a4 21.Qd6 Re8 22.Qxe7 Raxe7
23.Rd6 b4 24.Rxf6 bxc3 25.bxc3 Rd8 26.h6  1-0

[Event "III Open"]
[Site "Dos Hermanas ESP"]
[Date "2002.04.09"]
[Round "5"]
[White "Stefanova,A"]
[Black "Jaksland,T"]
[Result "1-0"]
[WhiteElo "2451"]
[BlackElo "2270"]

1.d4 Nf6 2.Bg5 Ne4 3.Bf4 c5 4.d5 Qb6 5.Bc1 f5 6.f3 Nd6 7.a4 g6 8.a5 Qb4+
9.c3 Qh4+ 10.g3 Qf6 11.Nh3 Na6 12.Bg2 Bg7 13.O-O Nf7 14.e4 d6 15.f4 Bd7 16.Be3 O-O
17.Nd2 Rfe8 18.Qb3 Rab8 19.Nc4 e6 20.e5 Qe7 21.exd6 Nxd6 22.Ng5 e5 23.Nxe5 Bxe5
24.fxe5 Qxe5 25.Bf4 Qf6 26.Ne6 c4 27.Qd1 Bxe6 28.Bxd6 Rbd8 29.dxe6 Nc7 30.Bxc7 Rxd1
31.Raxd1 Kg7 32.Rd7+ Kh6 33.h4  1-0

[Event "Golden Cleopatra"]
[Site "Cairo EGY"]
[Date "2002.04.10"]
[Round "4"]
[White "Atea,S"]
[Black "Visser,Y"]
[Result "1/2-1/2"]
[WhiteElo "2309"]
[BlackElo "2458"]

1.d4 Nf6 2.Bg5 Ne4 3.Bf4 d5 4.e3 c5 5.Bd3 cxd4 6.Bxe4 dxe4 7.exd4 g6 8.Nc3 Bg7
9.Nge2 O-O 10.O-O f5 11.Qd2 Nc6 12.Rad1 e5 13.dxe5 Qxd2 14.Rxd2 Nxe5 15.b3 Be6
16.Nd5 Rf7 17.Rfd1 Re8 18.Ne3 Nc6 19.Nd5 Bxd5 20.Rxd5 h6 21.h4 Nb4 22.Rd8 Rxd8
23.Rxd8+ Kh7 24.Be3 Bf6 25.Rc8 Nc6 26.g3 g5 27.hxg5 hxg5 28.c3 Rd7 29.Kg2 Kg6
30.Re8 Kf7 31.Rc8 a6 32.b4 Ne7 33.Rb8 Nd5 34.Bd4 f4 35.f3 Bxd4 36.cxd4 e3
37.gxf4 gxf4 38.a3 Rc7 39.Rd8 Ke6 40.Re8+ Kd7 41.Re5 Kd6 42.Rf5 Rc2 43.Kf1 Rb2
44.Nxf4 Nxf4 45.Rxf4 Kd5 46.Re4 Rf2+ 47.Ke1 Rxf3 48.Re7 Kxd4 49.Rd7+ Kc4
50.Rc7+ Kb3 51.Rxb7 Rf6 52.b5 a5 53.Ra7 a4 54.Ke2 Kxa3 55.Kxe3 Rb6 56.Kd2 Rxb5
57.Kc2 Rb4 58.Kc3 Rb8 59.Kc2 Rh8 60.Ra6 Rh2+ 61.Kb1 Rb2+ 62.Ka1 Rb3 63.Rg6 Rb4
64.Rg1 Rh4 65.Rg3+ Kb4 66.Rg2 Rh3 67.Rb2+ Rb3 68.Rxb3+ axb3 69.Kb2 Kc4 70.Kb1 Kb4
71.Kb2 Kc4 72.Kb1 Kc3 73.Kc1 b2+ 74.Kb1 Kb3  1/2-1/2

[Event "Golden Cleopatra"]
[Site "Cairo EGY"]
[Date "2002.04.11"]
[Round "5"]
[White "Abdel Razik,K"]
[Black "Elkadi,A"]
[Result "1/2-1/2"]
[WhiteElo "2373"]
[BlackElo "2157"]

1.d4 Nf6 2.Bg5 Ne4 3.h4 c5 4.dxc5 Qa5+ 5.Nd2 Nxd2 6.Qxd2 Qxd2+ 7.Bxd2 e6
8.b4 a5 9.c3 Nc6 10.Nf3 b6 11.b5 Nd8 12.cxb6 Bc5 13.c4 Bxb6 14.Bc3 f6  1/2-1/2

[Event "III Open"]
[Site "Dos Hermanas ESP"]
[Date "2002.04.13"]
[Round "9"]
[White "Stefanova,A"]
[Black "Paramos Dominguez,R"]
[Result "1-0"]
[WhiteElo "2451"]
[BlackElo "2381"]

1.d4 Nf6 2.Bg5 Ne4 3.Bf4 c5 4.d5 Qb6 5.Bc1 e6 6.f3 Nf6 7.c4 exd5 8.cxd5 c4
9.e3 Bc5 10.Kf2 O-O 11.Bxc4 Re8 12.Qe2 Qd6 13.Nc3 a6 14.a4 b5 15.axb5 axb5
16.Rxa8 bxc4 17.Qxc4 Bb7 18.Ra5 Bb6 19.Rb5 Na6 20.Qb3 Ng4+ 21.fxg4 Qf4+ 22.Nf3 Bxe3+
23.Bxe3 Qxe3+ 24.Kg3  1-0

[Event "Bundesliga 2001-2"]
[Site "Wattenscheid GER"]
[Date "2002.04.13"]
[Round "12"]
[White "Hodgson,Ju"]
[Black "Gallagher,Jo"]
[Result "1-0"]
[WhiteElo "2598"]
[BlackElo "2503"]

1.d4 Nf6 2.Bg5 Ne4 3.Bf4 c5 4.f3 Qa5+ 5.c3 Nf6 6.d5 Qb6 7.Bc1 d6 8.e4 g6
9.c4 Bg7 10.Nc3 O-O 11.Nge2 e6 12.Ng3 exd5 13.cxd5 Nh5 14.Nxh5 gxh5 15.Be2 f5
16.f4 fxe4 17.O-O h4 18.Nxe4 Bf5 19.Ng5 c4+ 20.Kh1 c3 21.bxc3 Bxc3 22.Bd2 Bxa1
23.Qxa1 Nd7 24.Ne6 Rf7 25.Qe1 Qb2 26.Bh5 Bg6 27.Bxg6 hxg6 28.Bc3 Qc2 29.Ng5 Nc5
30.Nxf7 Kxf7 31.f5 g5 32.Rf2 Qd3 33.Re2 Kf8 34.Bf6 h3 35.Bxg5 hxg2+ 36.Rxg2 Re8
37.Qa1 Re5 38.Bf4 Ne4 39.Bxe5 dxe5 40.Qc1 Kf7 41.Qc7+ Kf6 42.Qg7+ Kxf5 43.Qg4+  1-0

[Event "Open"]
[Site "Dubai UAE"]
[Date "2002.04.17"]
[Round "3"]
[White "Kainz,J"]
[Black "Gokhale,J"]
[Result "0-1"]
[WhiteElo "2068"]
[BlackElo "2373"]

1.d4 Nf6 2.Bg5 Ne4 3.Bf4 c5 4.d5 Qb6 5.Bc1 d6 6.f3 Nf6 7.e4 g6 8.c4 Bg7 9.Nc3 O-O
10.g4 e6 11.a4 exd5 12.a5 Qd8 13.cxd5 Na6 14.Bxa6 bxa6 15.Nge2 Re8 16.h3 Rb8
17.Qc2 Nd7 18.Kf2 c4 19.Be3 Ne5 20.Ra2 Nd3+ 21.Kg3 Nb4 22.Qb1 Nxa2 23.Qxa2 Qc7
24.Rc1 Bd7 25.Nd4 Rec8 26.Rc2 Rb4 27.Nc6 Bxc6 28.dxc6 Bxc3 29.Rxc3 d5+ 30.Bf4 Qxc6
31.exd5 Qxd5 32.Re3 Rb3 33.Qa1 Rxe3 34.Bxe3 Re8 35.Qc1 Qe5+ 36.Bf4 Qxa5 37.Qd1 Qe1+  0-1

[Event "TSGM April"]
[Site "Belgrade YUG"]
[Date "2002.04.22"]
[Round "3"]
[White "Karttunen,M"]
[Black "Popovic,Dr"]
[Result "1-0"]
[WhiteElo "2429"]
[BlackElo "2329"]

1.d4 Nf6 2.Bg5 Ne4 3.Bf4 c5 4.f3 Qa5+ 5.c3 Nf6 6.Nd2 cxd4 7.Nb3 Qd8 8.cxd4 d5
9.e3 e6 10.g4 Nc6 11.Bd3 Nd7 12.Ne2 Bb4+ 13.Nc3 e5 14.Bg3 exd4 15.exd4 O-O
16.O-O Nb6 17.Qc2 h5 18.gxh5 Qg5 19.f4 Qxh5 20.f5 Be7 21.Qg2 Bf6 22.Rf4 Bg5
23.Rf3 Qg4 24.h3 Qh5 25.a3 Bf6 26.Ne2 Re8 27.Bf2 Qh6 28.Kh1 Nc4 29.Nf4 Nxb2
30.Bc2 b6 31.Nxd5 Bb7 32.Rg3 Rad8 33.Be3 Rxe3 34.Nxe3 Na5 35.d5 Nbc4 36.Ng4 Qh4
37.Rd1 Nb2 38.Nxf6+ Qxf6 39.Rd4 Nac4 40.Rdg4 Kf8 41.Be4 Qe5 42.Rxg7 Rxd5
43.f6 Ke8 44.Kh2 Ne3 45.Qf3 Nf1+ 46.Qxf1 Qxe4 47.R7g4 Qc2+ 48.Qg2 Qxg2+ 49.Rxg2 Nd3
50.Re4+ Kd8 51.Re7  1-0

[Event "OUCC Open"]
[Site "Oxford ENG"]
[Date "2002.04.28"]
[Round "5"]
[White "Bigg,A"]
[Black "Friedland,J"]
[Result "1/2-1/2"]
[WhiteElo "2251"]
[BlackElo "2181"]

1.d4 Nf6 2.Bg5 Ne4 3.h4 d5 4.Nd2 h6 5.Bf4 Bf5 6.e3 e6 7.g4 Bg6 8.h5 Bh7 9.Nxe4 Bxe4
10.f3 Bh7 11.Bd3 Bxd3 12.Qxd3 c6 13.Nh3 Bd6 14.Qb3 Bxf4 15.Nxf4 Qb6 16.Rg1 Nd7
17.g5 e5 18.Qxb6 axb6 19.dxe5 Nxe5 20.Kf2 Nc4 21.b3 Na3 22.Rac1 Nb5 23.a4 Nd6
24.Rce1 O-O-O 25.gxh6 gxh6 26.Rg7 Rde8 27.Reg1 Re5 28.Rg8+ Rxg8 29.Rxg8+ Kd7
30.Rh8 Nf5 31.Rh7 Ke8 32.Rh8+ Ke7 33.Rb8 Nd6 34.Rh8  1/2-1/2

[Event "ch-PHI"]
[Site "Makati PHI"]
[Date "2002.05.01"]
[Round "8"]
[White "Torre,E"]
[Black "Paragua,M"]
[Result "1-0"]
[WhiteElo "2527"]
[BlackElo "2478"]

1.d4 Nf6 2.Bg5 Ne4 3.Bf4 c5 4.f3 Qa5+ 5.c3 Nf6 6.Nd2 cxd4 7.Nb3 Qf5 8.Bxb8 Rxb8
9.Qxd4 b6 10.e4 Qf4 11.Nh3 Qc7 12.e5 Ng8 13.Ng5 e6 14.Ne4 Qc6 15.O-O-O Be7
16.Qf2 a6 17.Nd6+ Bxd6 18.Rxd6 Qc7 19.Qg3 g6 20.Nd2 Bb7 21.Bd3 Ne7 22.Be4 Nc6
23.h4 b5 24.h5 Rg8 25.hxg6 hxg6 26.Rh7 b4 27.c4 Qa5 28.Bxc6 Bxc6 29.Rxc6 dxc6
30.Ne4 b3 31.Nd6+ Kd8 32.Qg5+ Kc7 33.Rxf7+ Kb6 34.Qe3+ c5 35.Qxb3+ Qb4 36.Qd1 Ka5
37.b3 Qc3+ 38.Kb1 Qxe5 39.Rd7 g5 40.Ne4 Rb4 41.a3  1-0

[Event "ch-PHI"]
[Site "Makati PHI"]
[Date "2002.05.04"]
[Round "12"]
[White "Torre,E"]
[Black "Barbosa,O PHI"]
[Result "1-0"]
[WhiteElo "2527"]
[BlackElo "2313"]

1.d4 Nf6 2.Bg5 Ne4 3.Bf4 c5 4.f3 Qa5+ 5.c3 Nf6 6.Nd2 cxd4 7.Nb3 Qb6 8.Qxd4 Nc6
9.Qxb6 axb6 10.Be3 b5 11.Nd4 Nxd4 12.Bxd4 d6 13.e4 Bd7 14.Bxf6 gxf6 15.Ne2 f5
16.exf5 Bg7 17.Nf4 Rc8 18.Nh5 Bh6 19.Bd3 Rc5 20.g4 Re5+ 21.Kf2 Be3+ 22.Kg3 Rg8
23.f4 Rd5 24.Rad1 Bb6 25.Be4 Rc5 26.Rhe1 Kf8 27.Kf3 Bc7 28.Bxb7 b4 29.cxb4 Rb5
30.Be4 Rxb4 31.b3 Bb6 32.Bd5 Rb5 33.Be4 Rb4 34.h3 Bc5 35.Rb1 Rb5 36.Rec1 Ke8
37.b4 Bxb4 38.a3 Ba5 39.Rxb5 Bxb5 40.Rb1 Ba4 41.Rb7 Bd7 42.Ra7 Bd8 43.a4 h6
44.a5 e6 45.f6 Bb5 46.Ng7+  1-0

[Event "4NCL"]
[Site "Birmingham ENG"]
[Date "2002.05.05"]
[Round "10"]
[White "Pert,R"]
[Black "Howell,D"]
[Result "1/2-1/2"]
[WhiteElo "2302"]
[BlackElo "2237"]

1.d4 Nf6 2.Bg5 Ne4 3.Bf4 c5 4.f3 Qa5+ 5.c3 Nf6 6.Nd2 cxd4 7.Nb3 Qb6 8.Qxd4 Nc6
9.Qxb6 axb6 10.Nd4 e5 11.Nxc6 exf4 12.Nd4 Bc5 13.g3 g5 14.Nh3 fxg3 15.hxg3 Rg8
16.Nf2 d5 17.e3 h5 18.a3 Bd7 19.O-O-O O-O-O 20.Bd3 Rde8 21.Rde1 Bd6 22.Nf5 Bxf5
23.Bxf5+ Kc7 24.Rhg1 h4 25.gxh4 gxh4 26.Rxg8 Rxg8 27.Nh3 Rg3 28.Rf1 Nh5 29.Bg4 Nf6
30.Bf5 Ng8 31.Ng1 Nh6 32.Bh3 f5 33.Kd2 f4 34.b4 Kc6 35.Be6 Rg6 36.Bh3 Rg3
37.Be6 Rg5 38.Bh3 fxe3+ 39.Kxe3 Rg3 40.Be6 Rg5 41.f4 Rg3+ 42.Kd4 Be7 43.Bxd5+ Kd6
44.Nf3 Bf6+ 45.Ke4 Bxc3 46.Nxh4 Bb2 47.Bxb7 Kc7 48.Ba6 Rxa3 49.Bd3 Ra4 50.Kf3 Rxb4
51.Nf5 Nxf5 52.Bxf5 Kd6 53.Be4 Ke7 54.Rb1 Bc3 55.Rc1 Rc4 56.Bd3 Rxf4+ 57.Kxf4  1/2-1/2

[Event "3rd Open"]
[Site "Backa Palanka YUG"]
[Date "2002.05.07"]
[Round "6"]
[White "Drazic,S"]
[Black "Krejic,I"]
[Result "1-0"]
[WhiteElo "2474"]
[BlackElo "2231"]

1.d4 Nf6 2.Bg5 Ne4 3.Bf4 g6 4.f3 Nf6 5.e4 d6 6.Nc3 Bg7 7.Qd2 c6 8.O-O-O Nbd7
9.e5 dxe5 10.dxe5 Nh5 11.e6 fxe6 12.Bh6 Qa5 13.Nh3 O-O 14.Bxg7 Kxg7 15.Bc4 Nb6
16.Bb3 Nd5 17.Qd4+ Nhf6 18.Ne4 Qb6 19.Qe5 Qc7 20.Rxd5  1-0

[Event "TCh-NOR Finals"]
[Site "Oslo NOR"]
[Date "2002.05.09"]
[Round "2"]
[White "Djurhuus,R"]
[Black "Hagesaether,P"]
[Result "1-0"]
[WhiteElo "2479"]
[BlackElo "2254"]

1.d4 Nf6 2.Bg5 Ne4 3.Bf4 d6 4.f3 Nf6 5.e4 Nbd7 6.c4 e5 7.Be3 c5 8.dxc5 Nxc5
9.Nc3 Be7 10.Nge2 O-O 11.Ng3 a6 12.Be2 Ne6 13.Nf5 Nc7 14.Nxe7+ Qxe7 15.O-O Be6
16.a4 Nh5 17.g3 g6 18.Qb3 f5 19.Nd5 Nxd5 20.exd5 Bd7 21.Bf2 Nf6 22.Rfe1 Be8
23.a5 Bf7 24.Ra4 Rac8 25.Rb4 Rc7 26.Rb6 Rd8 27.Qb4 g5 28.Qd2 f4 29.gxf4 gxf4
30.Bh4 Bg6 31.Bf1 Bf5 32.Qxf4 Qg7+ 33.Qg3 Qxg3+ 34.hxg3 Rf7 35.Bxf6 Rxf6
36.Rxe5 Bc8 37.Re3 Rdf8 38.Kg2 Kg7 39.Bd3 R8f7 40.b4 Bd7 41.c5  1-0

[Event "Capablanca Mem Mixto"]
[Site "Havana CUB"]
[Date "2002.05.10"]
[Round "5"]
[White "Montalvo,A"]
[Black "Zambrana,O"]
[Result "0-1"]
[WhiteElo "2268"]
[BlackElo "2389"]

1.d4 Nf6 2.Bg5 Ne4 3.Bf4 c5 4.f3 Nf6 5.d5 Qb6 6.Nc3 Qxb2 7.Bd2 Qb6 8.e4 d6
9.f4 e5 10.f5 h5 11.Nf3 Be7 12.Rb1 Qc7 13.Bb5+ Nbd7 14.a4 a6 15.Be2 Rb8 16.Ng5 c4
17.Rb4 Nc5 18.Rxc4 Bd7 19.Qb1 b5 20.axb5 axb5 21.Rb4 O-O 22.Nxb5 Bxb5 23.Bxb5 Ng4
24.h3 Bxg5 25.Bxg5 Nxe4 26.Rxe4 Qa5+ 27.Bd2 Rxb5 28.Qd1 Qb6 29.hxg4 Rb1 30.Bc1 Ra8
31.Ke2 Raa1 32.Qd2 Qa6+ 33.Kf2 Qa7+ 34.Re3 Qc5 35.Ba3 Qc4 36.Rxb1 Qf4+ 37.Ke2 Rxb1
38.Rf3 Qe4+ 39.Kf2 hxg4 40.Rb3 Qxf5+ 41.Kg3 Rh1 42.Rb4 Qh5 43.Rxg4 f5 44.Rb4 f4+
45.Kf2 Qh4+ 46.Ke2 Qg4+ 47.Kd3 Rd1 48.Rb8+ Kh7 49.Bxd6 Rxd2+ 50.Kxd2 Qxg2+  0-1